<?xml version="1.0" encoding="UTF-8"?><?xml-stylesheet type="text/xsl" href="static/style.xsl"?><OAI-PMH xmlns="http://www.openarchives.org/OAI/2.0/" xmlns:xsi="http://www.w3.org/2001/XMLSchema-instance" xsi:schemaLocation="http://www.openarchives.org/OAI/2.0/ http://www.openarchives.org/OAI/2.0/OAI-PMH.xsd"><responseDate>2026-04-18T05:42:34Z</responseDate><request verb="GetRecord" identifier="oai:riubu.ubu.es:10259/10392" metadataPrefix="marc">https://riubu.ubu.es/oai/request</request><GetRecord><record><header><identifier>oai:riubu.ubu.es:10259/10392</identifier><datestamp>2025-03-29T01:05:35Z</datestamp><setSpec>com_10259_4431</setSpec><setSpec>com_10259_2684</setSpec><setSpec>col_10259_4953</setSpec><setSpec>col_10259_4432</setSpec></header><metadata><record xmlns="http://www.loc.gov/MARC21/slim" xmlns:doc="http://www.lyncode.com/xoai" xmlns:xsi="http://www.w3.org/2001/XMLSchema-instance" xmlns:dcterms="http://purl.org/dc/terms/" xsi:schemaLocation="http://www.loc.gov/MARC21/slim http://www.loc.gov/standards/marcxml/schema/MARC21slim.xsd">
<leader>00925njm 22002777a 4500</leader>
<datafield tag="042" ind1=" " ind2=" ">
<subfield code="a">dc</subfield>
</datafield>
<datafield tag="720" ind1=" " ind2=" ">
<subfield code="a">Alonso Martínez, Laura</subfield>
<subfield code="e">author</subfield>
</datafield>
<datafield tag="260" ind1=" " ind2=" ">
<subfield code="c">2025</subfield>
</datafield>
<datafield tag="520" ind1=" " ind2=" ">
<subfield code="a">Plantilla para hacer el Diagrama de flujo PRISMA de los procesos de selección de los artículos incluidos en los estudios.</subfield>
</datafield>
<datafield tag="024" ind2=" " ind1="8">
<subfield code="a">http://hdl.handle.net/10259/10392</subfield>
</datafield>
<datafield tag="245" ind1="0" ind2="0">
<subfield code="a">Identificación de nuevos estudios a través de bases de datos y registros</subfield>
</datafield>
</record></metadata></record></GetRecord></OAI-PMH>